000 00658nam a22001817a 4500
999 _c14946
_d14946
003 OSt
082 _2631.3 SUB/IN
088 _aP 191
100 _aASLAM SUBAIR
_aSABITHA K.T
_aVINIYA V.S
_93815
245 _aInvestigation on the ergonomic performance of power tiller
260 _aTavanur 2009
_bDepartment of Farm Power Machinery and Energy
300 _a55
500 _aInvestigation on the ergonomic performance of power tiller
520 _aInvestigation on the ergonomic performance of power tiller
700 _aDr. Geetha Susan Philip (Guide)
_93407
856 _uhttps://drive.google.com/open?id=1ejsDMk9mXIa-0imJUPbmrI7Syiqot1aQ
942 _cPR